000 00439nam a2200121Ia 4500
008 220512s9999 xx 000 0 eng d
245 0 _aLand Development Sector in West Bengal : Ex-Post Evaluation Study /
260 _aWest Bengal, RO, Kolkata :
_bNABARD,
_cJun-05
500 _aNational Bank For Agriculture and Rural Development
546 _aEnglish
710 _aNational Bank For Agriculture and Rural Development, NABARD
942 _cPR
999 _c36001
_d36001